| Tag |
First Indicator |
Second Indicator |
Subfields |
| LEADER |
00000cam a2200000 4500 |
| 001 |
in00001000721 |
| 005 |
20190207095248.0 |
| 008 |
761126s1916 txu 00000 eng |
| 010 |
|
|
|a 16016122
|
| 035 |
|
|
|a (OCoLC)02580831
|
| 035 |
|
|
|9 AEZ5398AM
|
| 040 |
|
|
|a DLC
|c IKM
|d TXA
|d UtOrBLW
|
| 049 |
|
|
|a TXA1 [TXAS]
|
| 050 |
0 |
0 |
|a PS588.T4
|b E16 1916
|
| 092 |
|
|
|a 808
|b Ea38t
|
| 100 |
1 |
|
|a Eagleton, David Foute,
|e compiler.
|
| 245 |
1 |
0 |
|a Texas literature reader /
|c comp. by David Foute Eagleton...
|
| 264 |
|
1 |
|a Dallas, Tex. :
|b The Southern publishing company,
|c 1916.
|
| 300 |
|
|
|a 188 pages :
|b frontispiece, illustrations (including portraits) ;
|c 29 cm.
|
| 336 |
|
|
|a text
|b txt
|2 rdacontent
|
| 337 |
|
|
|a unmediated
|b n
|2 rdamedia
|
| 338 |
|
|
|a volume
|b nc
|2 rdacarrier
|
| 500 |
|
|
|a The Cushing Library/Chapman Texas Collection copy is part of the Floyd & Louise Chapman Texas & Borderlands Collection.
|5 TXA
|
| 500 |
|
|
|a Illustrated t.-p., in colors.
|
| 650 |
|
0 |
|a American literature
|z Texas.
|
| 650 |
|
0 |
|a Readers (Primary)
|y 1870-1950.
|
| 651 |
|
0 |
|a Texas.
|
| 999 |
|
|
|a MARS
|
| 999 |
f |
f |
|s e1eabb5c-dafc-357f-9840-2861090d4629
|i 85477dfd-55a0-3c92-9a2b-c70d06254065
|t 0
|
| 952 |
f |
f |
|p noncirc
|a Texas A&M University
|b College Station
|c Cushing Memorial Library & Archives
|d Cushing: Chapman Texas Collection (Does not check out)
|t 0
|e PS588.T4 E16 1916
|h Library of Congress classification
|i unmediated -- volume
|
| 998 |
f |
f |
|a PS588.T4 E16 1916
|t 0
|l Cushing: Chapman Texas Collection (Does not check out)
|